Statistics for Least-Guessed First Two Letters of Countries

Click here to take the quiz!

General Stats

  • This quiz has been taken 68 times
  • The average score is 11 of 20

Answer Stats

guessedcountry% Correct
15%VAnuatu / VAtican
78%
10%DJibouti
75%
17%KOsovo
67%
12%QAtar
65%
10%RWanda
65%
13%KIribati
63%
15%AZerbaijan
61%
10%EQuatorial Guinea
61%
14%LUxembourg
61%
15%BHutan
53%
16%ERitrea
53%
7%EAst Timor
51%
14%JOrdan
51%
17%SRi Lanka
51%
17%TOgo / TOnga
49%
10%KUwait
47%
9%TRinidad and Tobago
47%
9%CYprus
45%
12%UGanda
45%
16%CRoatia
24%

Score Distribution

Percentile by Number Answered

Percent of People with Each Score

Your Score History

You have not taken this quiz